| 000 | 01469nam a2200313 a 4500 | ||
|---|---|---|---|
| 001 | 0044467 | ||
| 003 | DO-SdBNP | ||
| 005 | 20180313142151.0 | ||
| 007 | 0044467 | ||
| 008 | 140702s2014 dr ac 000 0 spa d | ||
| 020 | _a9789945472370 | ||
| 040 |
_aBPMSU _bspa _cBPMSU |
||
| 082 | 0 | 4 |
_a378.53 _bV978f 2014 |
| 100 | 1 | _a Vranes, Velicko | |
| 245 | 1 | 0 |
_aFísica para la vida I : _bprácticas de laboratorio / _c Velicko Vranes |
| 260 |
_aSanto Domingo : _b INTEC, _c 2014 |
||
| 300 |
_a110 p. : _bil. ; _c28 cm. |
||
| 504 | _aReferencias bibliográficas : p. 109 | ||
| 505 | 0 |
_tIntroducción a las medidas físicas y las teorías de los errores -- _tMedición directa e indirecta -- _tConociendo el equipo PASCO -- _t Caída libre. Tiempo de reacción -- _t Plano inclinado. Aceleración constante -- _t La ley de Elasticidad de Hooke. Fuerza de muelle -- _t Energía potencial gravitacional -- _tTrabajo y energía -- _tEquilibrio -- _tModelo mecánico del brazo humano -- _tPrincipio de Arquímedes -- _tLey de enfriamiento de Newton. |
|
| 650 | 4 |
_aFÍSICA MÉDICA _xMANUALES DE LABORATORIO |
|
| 650 | 4 |
_aFÍSICA _xEDUCACIÓN SUPERIOR |
|
| 650 | 4 |
_aFÍSICA _xENSEÑANZA SUPERIOR |
|
| 650 | 4 |
_aEDUCACIÓN SUPERIOR _zREPÚBLICA DOMINICANA |
|
| 710 | 2 | _4Instituto Tenológico de Santo Domingo | |
| 910 | _aValidado. Control de calidad MFF | ||
| 942 |
_2ddc _cBK |
||
| 945 | _aRemanejado para la BNPHU / 2018 BT | ||
| 956 |
_aVMATEO _b10 _c20160511 _lBPMSU _h0069 |
||
| 999 |
_c10082 _d10082 |
||